Who Am I? Country Demonyms Quiz Stats

 Plays Quiz Updated Feb 14, 2020

Support Sporcle.
Go Orange.
Score 0/24 Timer 10:00
0 Plays Today
% Correct
Afghan
84.4%
Qatari
80.3%
American
80.1%
Spaniard
79.2%
Lebanese
78.8%
Swede
73.6%
Argentine
69%
Monégasque
68.6%
Bruneian
68.6%
Cypriot
67%
Kyrgyz
66.4%
Slovene
66.1%
% Correct
Maltese
64.8%
Georgian
63.5%
Guyanese
63.1%
Dominican
60.1%
Kittitian
58.4%
Filipino
56.1%
Salvadoran
54.6%
Turkmen
53.7%
I-Kiribati
53.2%
Swazi
52.3%
Ivorian
48.1%
Burkinabé
46.4%

You're not logged in!

Compare scores with friends on all Sporcle quizzes.
OR
Log In
Forgot?

From the Vault

England & France: At War?

by Tasi

Allies or enemies? Well, it's complicated.
Remove Ads.
Support Sporcle.
Get the best of Sporcle when you Go Orange. This ad-free experience offers more features, more stats, and more fun while also helping to support Sporcle. Thank you for becoming a member.

Show Comments

Extras

Top Quizzes Today


Score Distribution

Your Account Isn't Verified!

In order to create a playlist on Sporcle, you need to verify the email address you used during registration. Go to your Sporcle Settings to finish the process.

Report this User

Report this user for behavior that violates our Community Guidelines.

Details: